Memòria de pràctiques : l'Arxiu Històric de la Diputació de Barcelona : març - maig de 2007 / Margarida Juanola Pau l'Arxiu Històric de la Diputació de Barcelona :

por Juanola Pau, Margarida

Publicado: Barcelona : [s.n] , 2007
Descripción Física: 49 f. mecanografiats, [11] f. ; 30 cm

MARC

LEADER 00000nam a2200000Ia 4500
001 19323
008 160829s2007 xx 000 0 cat d
080 |a A-2-292 
100 |a Juanola Pau, Margarida  |9 46280 
245 |a Memòria de pràctiques :  |b  l'Arxiu Històric de la Diputació de Barcelona :  |b  març - maig de 2007 / Margarida Juanola Pau 
260 |a Barcelona :  |b [s.n],  |c 2007 
300 |a 49 f. mecanografiats, [11] f. ;  |c 30 cm 
590 |a Memòria de les pràctiques de l'assignatura Pràcticum de la Facultat de Biblioteconomia i Documentació de la Universitat de Barcelona. Professora: Anna Rubió Rodon 
610 1 0 |a Arxiu General de la Diputació de Barcelona  |9 52704 
655 0 |9 55931  |a Tesis i dissertacions acadèmiques 
710 1 |a Universitat de Barcelona.   |b Facultat de Biblioteconomia i Documentació  |9 53663 
901 |a Arxiu 
942 |n 1  |2 udc 
952 |0 0  |1 0  |4 0  |6 A2292  |7 1  |9 53127  |a Arxiu  |b Arxiu  |d 2016-12-01  |l 0  |o A-2-292  |p 19323  |r 2016-12-01 00:00:00  |w 2016-12-01  |y ARXIU 
999 |c 56976  |d 56976